| 000 | 00652nam#a2200193#a#4500 | ||
|---|---|---|---|
| 001 | old010601 | ||
| 003 | AR-NuBCU | ||
| 005 | 20260319064323.0 | ||
| 008 | 070307s1967||||ag | |0||0e|spa d | ||
| 100 | 1 |
_aHernández, José. _96209 |
|
| 245 | 1 | 0 |
_aVida de El Chacho : _by otros escritos en prosa / _cJosé Hernández ; selección, Noe Jitrik. |
| 260 |
_aBuenos Aires : _bCentro Editor de América Latina, _cc1967. |
||
| 300 |
_a94 p. ; _c18 cm. |
||
| 490 | 0 |
_a(Capítulo: biblioteca argentina fundamental ; _v16) |
|
| 650 | 7 |
_aLITERATURA _zARGENTINA _2unescot _91913 |
|
| 650 | 7 |
_aCUENTO _2unescot _9185 |
|
| 700 | 1 |
_aJitrik, Noe. _913108 |
|
| 942 | _cLIBRO | ||
| 999 |
_c9011 _d9012 |
||